Normal view
MARC view
Entry Personal Name
001 - CONTROL NUMBER
- control field: 74411
003 - CONTROL NUMBER IDENTIFIER
- control field: dpl
005 - DATE AND TIME OF LATEST TRANSACTION
- control field: 20241129145144.0
008 - FIXED-LENGTH DATA ELEMENTS
- fixed length control field: 241129|| aca||aabn | a|a d
040 ## - CATALOGING SOURCE
- Original cataloging agency: dpl
- Transcribing agency: dpl
100 ## - HEADING--PERSONAL NAME
- Personal name: KOLKATA SOCIETY FOR ASIAN STUDIES (KSAS)
670 ## - SOURCE DATA FOUND
- Source citation: Work cat.: (dpl)207248: KOLKATA SOCIETY FOR ASIAN STUDIES (KSAS), A FIESTA OF FIFTY YEARS OF INDO-BANGLADESH RELATIONS: , 2024
